Normal view
MARC view
Entry Meeting Name
001 - CONTROL NUMBER
- control field: 16276
003 - CONTROL NUMBER IDENTIFIER
- control field: OSt
005 - DATE AND TIME OF LATEST TRANSACTION
- control field: 20211105134025.0
008 - FIXED-LENGTH DATA ELEMENTS
- fixed length control field: 211105|| aca||aabn | a|a d
040 ## - CATALOGING SOURCE
- Original cataloging agency: OSt
- Transcribing agency: OSt
111 ## - HEADING--MEETING NAME
- Meeting name or jurisdiction name as entry element: Workshop on Dynamics of Dense Stellar Systems
- Location of meeting: Toronto, Ontario
- Date of meeting or treaty signing: 1988 May 27-28
670 ## - SOURCE DATA FOUND
- Source citation: Work cat.: (OSt): Workshop on Dynamics of Dense Stellar Systems Toronto, Ontario 1988 May 27-28, Dynamics of dense stellar systems, 1989